000 00566nam a2200181 a 4500
001 000031148
005 20200930062732.0
008 110614s2001 dr a 000 | spa d
040 _aDO-SdBNP
_bspa
_cBNPHU
082 _axxx
_bC957s
100 1 _aCruz, Bernando Adán de la
_957622
245 1 3 _aEl sistema judicial dominicano /
_cBernando Adán de la Cruz.
260 _aSanto Domingo :
_bParticipación Ciudadana,
_c2001.
300 _a30 p. :
_bil. ;
_c28 cm.
490 1 _aJusticia y democracia
_v1
830 0 _aJusticia y democracia;
_n1
_957623
049 _aBNPD
999 _c30640
_d30640